| 000 | 00987cab a2200253 4500 | ||
|---|---|---|---|
| 001 | ABS59576 | ||
| 008 | 090401t1998 xxu||||| |||| 00| 0 eng d | ||
| 035 | _a(Sirsi) u89574 | ||
| 041 | _aeng | ||
| 100 | _aParratt, D. | ||
| 245 | _aHow you can win a case but still be the loser | ||
| 260 | _c1998 | ||
| 350 | _a0 | ||
| 490 |
_aBuilding Engineer _v73(9) November 1998, 16-17(2) |
||
| 520 | _aDiscusses `security for costs`, reviewing the legal principles set out under the Arbitration Act 1996, andthe generally accepted criteria for determining the fairness of an application for security laid down in the case of "Sir Lindsay Parkinson & Co Ltd v Triplan Ltd". | ||
| 650 | _aARBITRATION ACT 1996 | ||
| 650 | _aARBITRATION SCHEME | ||
| 650 | _aDISCRETION | ||
| 650 | _aJURISDICTION | ||
| 650 | _aSECURITY FOR COSTS | ||
| 690 | _aMANAGEMENT-DISPUTE AVOIDANCE, MANAGEMENT AND RESOLUTION-DISPUTE MANAGEMENT AND RESOLUTION-ARBITRATION | ||
| 942 | _n0 | ||
| 948 | _c10/11/1998 | ||
| 999 |
_c56683 _d56683 |
||